000 01097nam0a22002651 4500
001 rc\3340556
005 20260408130849.0
021 _aRU
_b[70-88349]
035 _a(NLR Aleph) 007517164
090 _a7713784
_c7713784
100 _a20130115d1970 |||y0rusy50 ca
101 0 _arus
102 _aRU
105 _ay z |||||
200 1 _aМатериалы Научной конференции по итогам исследовательской работы за 1968 год
_e(Филол. науки)
_fМ-ва нар. образования МССР. Тирасп. гос. пед. ин-т им. Т.Г. Шевченко
210 _aКишинев
_cТимпул
_d1970
215 _a82 с.
_d20
606 _aФилология
_jСборники
_2psbo
710 0 2 _aТираспольский педагогический институт им. Т. Г. Шевченко
_bНаучная конференция
_f1969
_9669894
_3RU\NLR\AUTH\880504994
801 0 _aRU
_bNLR
_gpsbo
801 1 _aRU
_bELAR
_2rusmarc
852 _aNLR
_j70-4/25832
942 _cBOOK
980 _aNB